000 00549nam a2200169Ia 4500
005 20250508154058.0
008 008 250505s9999 xx 000 0 eng d
037 _aBooks to be hide in OPAC
040 _aFEDL
_beng
_cFEDL
041 _aeng
_2eng
084 _a370.58, NCE
_qFEDL
245 0 _aIndian year book of education 1961: First year book. Part 1
260 _aNew Delhi, India
_bNational Council of Educational Research and Training
_c1965
300 _axxii,420p.
942 _cHB
_h370.58, NCE
999 _c1347487
_d1347487